000 00955nam a22003250a 4500
001 PT33048
003 AR-LpoUNG
005 20210131230049.0
008 191001suuuu||||ag |||||||||||||||||spa d
040 _aAR-LpoUNG
_bspa
_cAR-LpoUNG
_eaacr
041 _aspa
044 _aag
082 0 _a982.024 134ind
100 1 _aCaillet-Bois, Ricardo R.
_epról.
245 1 3 _aLa independencia de la América española y la diplomacia alemana
250 _a1§ edición
260 _aBuenos Aires :
_bUBA,
_cs.f.
650 4 _aALEMANIA
650 4 _aAMERICA
650 4 _aANALISIS HISTORICO
650 4 _aDIPLOMACIA
650 4 _aESPAÑA
650 4 _aHISTORIA POLITICA
650 4 _aINDEPENDENCIA
651 4 _aAmérica Latina
700 1 _aKörner, Karl Wilhelm
_etr.
710 2 _aUniversidad de Buenos Aires. Facultad de Filosofía y Letras. Instituto de Historia Argentina "Doctor Emilio Ravignani"
905 _a33048
942 _cLIB
999 _c1191
_d1191